Environmentalica

Salvato in:
Dettagli Bibliografici
Ente Autore: Univerzita Karlova v Praze
Altri autori: Klener, Pavel
Natura: Libro
Lingua:inglese
Pubblicazione: Praha Univerzita Karlova v Praze. Nakladatelství Karolinum 2004
Serie:Acta Universitatis Carolinae
Soggetti:
Tags: Aggiungi Tag
Nessun Tag, puoi essere il primo ad aggiungerne!!

MARC

LEADER 00000nam$a2200000$$$4500
001 0018915
005 20240313140948.3
020 |a 80-246-0842-1 
022 |a 0862-6529 
041 0 |a eng 
044 |a CZ 
245 1 0 |a Environmentalica  |c prorektor-editor: Pavel Klener 
264 1 |a Praha  |b Univerzita Karlova v Praze. Nakladatelství Karolinum  |c 2004 
300 |a 90 s. 
490 1 |a Acta Universitatis Carolinae 
830 0 |a Acta Universitatis Carolinae 
610 2 0 |a voda pitná 
610 2 0 |a lesy 
610 2 0 |a prostredie životné 
610 2 0 |a zvieratá 
610 2 0 |a príroda 
610 2 0 |a rieky 
610 2 0 |a Nórsko 
610 2 0 |a Bulharsko 
610 2 0 |a Česko 
700 1 |a Klener, Pavel 
710 2 |a Univerzita Karlova v Praze